Pus gros producteurs de fraise au monde - Statistiques

Statistiques générales
  • Ce quiz a été pris 50 fois
  • Le résultat moyen est 7 sur 10
Statistiques - réponses
Hint Réponse % Correct
329 280 tonnes Espagne
93%
4 209 269 tonnes Chine
91%
1 250 100 tonnes États-Unis
91%
187 795 tonnes Brésil
82%
641 552 tonnes Mexique
75%
261 168 tonnes Russie
68%
676 818 tonnes Turquie
57%
731 144 tonnes Égypte
48%
177 682 tonnes Corée du Sud
30%
194 500 tonnes Pologne
30%
Aucun quiz correspondant
Distribution des résultats
% des personnes avec chaque résultat
Percentile par nombre de réponses
Votre historique - résultats
Vous n’avez pas pris ce quiz